Представление документа в формате MARC21

Поле Инд. ПП Название Значение
Тип записи a
Библиографический уровень m
001 Контрольный номер f1cf2560-cec6-4135-898d-7a4d0b362f9d
005 Дата корректировки 20260625091458.4
008 Кодируемые данные 080527
020 a ISBN 978-5-469-01108-8
a ISBN 5-469-01108-9
040 a Служба первич. каталог. НБ ТвГУ
041 0_ a Код языка текста rus
080 a Индекс УДК 659.123.5
a Индекс УДК 659.443
084 a Индекс другой классификации/Индекс ББК С862
090 a Полочн. индекс С862
x Авторский знак И20
100 1_ a Автор Иванова Кира Алексеевна
245 10 a Заглавие Копирайтинг
b Продолж. заглавия секреты сост.реклам.и PR-текстов
c Ответственность К. А. Иванова
250 a Основные сведения об издании 2-е изд.
260 0_ a Место издания Москва [и др.]
b Издательство Питер
c Дата издания 2008
300 a Объем 157 с.
b Иллюстрации/ тип воспроизводства ил.
440 _0 a Серия Маркетинг для профессионалов
504 a Библиография Библиогр.: с. 156-157.
650 04 a Основная рубрика Связи с общественностью
x Основная подрубрика Коммуникация письменная
650 04 a Основная рубрика Паблик рилейшнз
650 04 a Основная рубрика Реклама
x Основная подрубрика Тексты
653 0_ a Ключевые слова PR-тексты
a Ключевые слова Коммуникация
a Ключевые слова Копирайтинг
a Ключевые слова Паблик рилейшнз
a Ключевые слова Письменная коммуникация
a Ключевые слова Реклама
a Ключевые слова Рекламные тексты
a Ключевые слова Связи с общественностью
852 41 i Расстановочный признак Проверка 2026
920 a Оператор Поля
952 c Вид литературы К ру
954 a Дата поступления на обработку 20080528